Statistics for Languages of Norway

Click here to take the quiz!

General Stats

  • This quiz has been taken 160 times
  • The average score is 8 of 16

Answer Stats

Language% Correct
Norwegian
95%
English
84%
Sami
76%
Kven Finnish
71%
Arabic
67%
Bokmål
61%
Russian
61%
Nynorsk
57%
Persian
39%
Somali
31%
Scandoromani
28%
Romani
28%
Serbo-Croatian
23%
Kurdish
20%
Albanian
11%
Tigrinya
7%

Score Distribution

Percentile by Number Answered

Percent of People with Each Score

Your Score History

You have not taken this quiz